| 000 | 03006nam0a2200481 4500 | ||
|---|---|---|---|
| 001 | RU\NLR\bibl\744201 | ||
| 005 | 20260407102738.0 | ||
| 010 |
_a5-211-05015-0 _bИзд-во Московского университета |
||
| 010 |
_a5-7695-1772-7 _bАкадемия |
||
| 021 |
_aRU _b2004-67264 _93314 |
||
| 021 |
_aRU _b2004-73734 _93633 |
||
| 035 | _aRSL-KNO-002492805 | ||
| 035 | _a(NLR Aleph) 000734054 | ||
| 090 |
_a780829 _c780829 |
||
| 100 | _a20041029d2004 |||y0rusy50 ca | ||
| 101 | 0 | _arus | |
| 102 | _aRU | ||
| 105 | _ay ||||||||| | ||
| 106 | _ar | ||
| 200 | 1 |
_aИстория России XIX - начала ХХ века _eучебник для студентов высших учебных заведений, обучающихся по направлению 520800 и специальности 020700 "Филология" _f[В. А. Георгиев, Н.Д. Ерофеев, Н.С. Киняпина и др.] _gпод ред. В. А. Федорова _gМоск. гос. ун-т им. М. В. Ломоносова |
|
| 205 | _a3-е изд., перераб. | ||
| 210 |
_aМосква _cИзд-во Московского университета _cАкадемия _d2004 _eГУП Сарат. полигр. комб. |
||
| 215 |
_a863 с. _d22 |
||
| 225 | 1 |
_aВысшее профессиональное образование _iИстория |
|
| 225 | 1 |
_aКлассический университетский учебник _fред. совет: пред. совета В.А. Садовничий [и др.] |
|
| 300 | _aАвт. указаны на обороте тит. л. | ||
| 320 | _aБиблиогр.: с. 844-863 | ||
| 607 |
_aСССР _jРуководства, пособия и т.п. для высшей школы _xИстория _z19 - нач. 20 вв. _92371900 _3RU\NLR\auth\661415713 |
||
| 607 |
_aРоссия _jУчебники для высших учебных заведений _xИстория _z19 - нач. 20 вв. _92371898 _3RU\NLR\auth\661415712 |
||
| 610 | 0 | _aИстория. Исторические науки -- Россия -- 19-нач. 20 в. -- Учебник для высшей школы | |
| 686 |
_aТ3(2)5я73-1 _2rubbk |
||
| 686 | _aТ3(2)5я73 | ||
| 701 | 1 |
_4070 _8rus _7ca _aГеоргиев _bВ. А. _cканд. ист. наук _gВладимир Анатольевич _3RU\NLR\auth\7764051 _946980 |
|
| 701 | 1 |
_4070 _7ca _8rus _aЕрофеев _bН. Д. _c1939-2017 _gНиколай Дмитриевич _9180695 _3RU\NLR\AUTH\770180746 |
|
| 701 | 1 |
_aКиняпина _bН. С. _4070 |
|
| 702 | 1 |
_4070 _8rus _7ca _aФедоров _bВ. А. _cд-р ист. наук _f1926-2006 _gВладимир Александрович _3RU\NLR\AUTH\778192 _9118106 |
|
| 712 | 0 | 2 |
_4570 _aМГУ им. М. В. Ломоносова _3RU\NLR\AUTH\889931209 _9357871 |
| 801 | 0 |
_aRU _bRuMoRKP _c20041029 _grcr |
|
| 801 | 1 |
_aRU _bRuMoRGB _c20041029 |
|
| 801 | 2 |
_aRU _bNLR _c20050405 _gPSBO |
|
| 942 | _cBOOK | ||
| 980 | _aNB | ||